| 000 | 00430nam a2200181Ia 4500 | ||
|---|---|---|---|
| 008 | 230524s9999 xx 000 0 und d | ||
| 020 | _a9780070603486 | ||
| 082 |
_a4.6 _bLEH |
||
| 100 | _aDonald R.Lehmann | ||
| 245 | 0 | _a"Product Management," | |
| 250 | _a4TH | ||
| 260 |
_aNEW DELHI _bTMH _c2010 |
||
| 300 | _aXV;486 | ||
| 500 | _aQuantity Number: 25 | ||
| 650 | _aManagement | ||
| 700 | _a Russell S.Winer | ||
| 942 | _cBK | ||
| 999 |
_c46518 _d46518 |
||